00577 2200241 4500001002100000005001500021008004100036020001800077035002000095082000800115084001400123100002900137245001800166260003200184300002200216650001500238650002700253990001100280990001100291990001100302990001100313990001100324INLIS00000000000474320211201102012211201 g 0 ind  a979-428-006-2 a0010-0721000002 a729 a729 SOE a1 aSoepadi, Setyo Soetiadji1 aAnatomi Denah aJakarta :bDjambatan,c1997 a48 hlm. ;c29 cm. 4aArsitektur 4aDesain Dan Perencanaan a026383 a026384 a026385 a026386 a026387